[Event "Groningen op-B 57th"]
[Site "Groningen"]
[Date "2019.12.28"]
[Round "7"]
[White "Torenbosch, Jorn"]
[Black "De Vries, Leon"]
[Result "0-1"]
[WhiteElo "1821"]
[BlackElo "1934"]
[PlyCount "100"]
[EventDate "2019.12.21"]
[EventType "swiss"]
[EventRounds "9"]
[EventCountry "NED"]
[SourceTitle "CBM 194 Extra"]
[Source "ChessBase"]
[SourceDate "2020.03.31"]
[SourceVersion "1"]
[SourceVersionDate "2020.03.31"]
[SourceQuality "1"]

1. e4 c5 2. b4 cxb4 3. a3 d5 4. exd5 Qxd5 5. Nf3 e5 6. axb4 Bxb4 7. Na3 Nf6 8. Nb5 0-0 9. c3 Bc5 10. Be2 Bd7 11. Nc7 Bxf2+ 12. Kf1 Qd6 13. Nxa8 Bc5 14. d4 exd4 15. cxd4 Bb4 16. Rxa7 Nc6 17. Ra1 Nd5 18. Bc4 Re8 19. Bxd5 Qxd5 20. Nc7 Qc4+ 21. Kf2 Rc8 22. Na8 Bc3 23. Ra4 Nb4 24. Nb6 Nd3+ 25. Kf1 Bxa4 26. Qxa4 Qxa4 27. Nxa4 Nxc1 28. Kf2 Nb3 29. Ke3 Ba5 30. Rb1 b5 31. Nb2 Rc2 32. Nd1 Nc1 33. Rxb5 Re2+ 34. Kf4 Bc7+ 35. Ne5 f6 36. Kf3 fxe5 37. Rc5 e4+ 38. Kg4 Rxg2+ 39. Kf5 g6+ 40. Kxe4 Rg4+ 41. Ke3 Bf4+ 42. Kf3 Rh4 43. d5 Nb3 44. Rc8+ Kf7 45. h3 Bd6 46. Nf2 Nd4+ 47. Ke3 Nf5+ 48. Kf3 Rd4 49. Ne4 Rd3+ 50. Ke2 Re3+ 0-1

[Event "Groningen op-B 57th"]
[Site "Groningen"]
[Date "2019.12.24"]
[Round "4"]
[White "Torenbosch, Jorn"]
[Black "Ritter, Uwe"]
[Result "1-0"]
[WhiteElo "1821"]
[BlackElo "1981"]
[PlyCount "51"]
[EventDate "2019.12.21"]
[EventType "swiss"]
[EventRounds "9"]
[EventCountry "NED"]
[SourceTitle "CBM 194 Extra"]
[Source "ChessBase"]
[SourceDate "2020.03.31"]
[SourceVersion "1"]
[SourceVersionDate "2020.03.31"]
[SourceQuality "1"]

1. e4 c5 2. b4 cxb4 3. a3 d5 4. exd5 Qxd5 5. Nf3 e5 6. axb4 Bxb4 7. Na3 Nc6 8. Nb5 Qd8 9. c3 Be7 10. d4 exd4 11. Bf4 Kf8 12. Bc4 Bg4 13. 0-0 a6 14. Nbxd4 Nxd4 15. cxd4 Bd6 16. Bg5 Bxf3 17. Qxf3 Nf6 18. Qxb7 Bc7 19. Rfe1 Rb8 20. Qf3 Qxd4 21. Bxa6 h6 22. Be3 Qd6 23. g3 Kg8 24. Bf1 Qd5 25. Qe2 Kh7 26. Qc2+ 1-0

[Event "Groningen op-B 57th"]
[Site "Groningen"]
[Date "2019.12.21"]
[Round "1"]
[White "Slagter, Ruben"]
[Black "Torenbosch, Jorn"]
[Result "0-1"]
[WhiteElo "2077"]
[BlackElo "1821"]
[PlyCount "104"]
[EventDate "2019.12.21"]
[EventType "swiss"]
[EventRounds "9"]
[EventCountry "NED"]
[SourceTitle "CBM 194 Extra"]
[Source "ChessBase"]
[SourceDate "2020.03.31"]
[SourceVersion "1"]
[SourceVersionDate "2020.03.31"]
[SourceQuality "1"]

1. e4 e6 2. d3 d5 3. Qe2 Nf6 4. Nf3 Be7 5. e5 Nfd7 6. g3 c5 7. Bg2 Nc6 8. 0-0 0-0 9. h4 Re8 10. c4 f6 11. exf6 Nxf6 12. Nc3 a6 13. Bf4 Bd6 14. Bg5 Bd7 15. Qd2 d4 16. Bxf6 gxf6 17. Ne4 Be7 18. Qh6 Rf8 19. Rfe1 Qe8 20. h5 Qf7 21. Bh3 Kh8 22. Nh4 Kg8 23. f4 Nb4 24. Rad1 b5 25. f5 e5 26. Ng6 Nc2 27. Nxf8 Bxf8 28. Nxf6+ Kh8 29. Qxh7+ Qxh7 30. Nxh7 Kxh7 31. Rxe5 bxc4 32. dxc4 Re8 33. Rxe8 Bxe8 34. g4 Kh6 35. Kf2 Kg5 36. Rd2 Ne3 37. b3 Kh4 38. Bg2 Nxg4+ 39. Ke1 Bxh5 40. Bf3 Bd6 41. Ke2 Bf4 42. Rb2 Kg3 43. b4 Bf7 44. Bd5 Bxd5 45. cxd5 c4 46. b5 d3+ 47. Ke1 c3 48. Rb3 Bd2+ 49. Kf1 Nh2+ 50. Kg1 Be3+ 51. Kh1 d2 52. Rxc3 d1Q# 0-1